<?xml version="1.0" encoding="UTF-8"?><?xml-stylesheet type="text/xsl" href="static/style.xsl"?><OAI-PMH xmlns="http://www.openarchives.org/OAI/2.0/" xmlns:xsi="http://www.w3.org/2001/XMLSchema-instance" xsi:schemaLocation="http://www.openarchives.org/OAI/2.0/ http://www.openarchives.org/OAI/2.0/OAI-PMH.xsd"><responseDate>2026-04-18T07:35:23Z</responseDate><request verb="GetRecord" identifier="oai:www.recercat.cat:11351/13770" metadataPrefix="marc">https://recercat.cat/oai/request</request><GetRecord><record><header><identifier>oai:recercat.cat:11351/13770</identifier><datestamp>2025-10-04T05:20:11Z</datestamp><setSpec>com_2072_378070</setSpec><setSpec>com_2072_378040</setSpec><setSpec>col_2072_378092</setSpec></header><metadata><record xmlns="http://www.loc.gov/MARC21/slim" xmlns:dcterms="http://purl.org/dc/terms/" xmlns:xsi="http://www.w3.org/2001/XMLSchema-instance" xmlns:doc="http://www.lyncode.com/xoai" xsi:schemaLocation="http://www.loc.gov/MARC21/slim http://www.loc.gov/standards/marcxml/schema/MARC21slim.xsd">
   <leader>00925njm 22002777a 4500</leader>
   <datafield ind2=" " ind1=" " tag="042">
      <subfield code="a">dc</subfield>
   </datafield>
   <datafield ind2=" " ind1=" " tag="720">
      <subfield code="a">Wermke, Martin</subfield>
      <subfield code="e">author</subfield>
   </datafield>
   <datafield ind2=" " ind1=" " tag="720">
      <subfield code="a">KUBOKI, YASUTOSHI</subfield>
      <subfield code="e">author</subfield>
   </datafield>
   <datafield ind2=" " ind1=" " tag="720">
      <subfield code="a">Sanmamed, Miguel F.</subfield>
      <subfield code="e">author</subfield>
   </datafield>
   <datafield ind2=" " ind1=" " tag="720">
      <subfield code="a">Alese, Olatunji B.</subfield>
      <subfield code="e">author</subfield>
   </datafield>
   <datafield ind2=" " ind1=" " tag="720">
      <subfield code="a">Gambardella, Valentina</subfield>
      <subfield code="e">author</subfield>
   </datafield>
   <datafield ind2=" " ind1=" " tag="720">
      <subfield code="a">FELIP, ENRIQUETA</subfield>
      <subfield code="e">author</subfield>
   </datafield>
   <datafield ind2=" " ind1=" " tag="260">
      <subfield code="c">2025-10-03T10:06:59Z</subfield>
   </datafield>
   <datafield ind2=" " ind1=" " tag="260">
      <subfield code="c">2025-10-03T10:06:59Z</subfield>
   </datafield>
   <datafield ind2=" " ind1=" " tag="260">
      <subfield code="c">2025-09-20</subfield>
   </datafield>
   <datafield ind2=" " ind1=" " tag="520">
      <subfield code="a">Dose-escalation; T-cell; Neuroendocrine carcinomas</subfield>
   </datafield>
   <datafield ind2=" " ind1=" " tag="520">
      <subfield code="a">Escalada de dosis; Células T; Carcinomas neuroendocrinos</subfield>
   </datafield>
   <datafield ind2=" " ind1=" " tag="520">
      <subfield code="a">Escalada de dosi; Cèl·lules T; Carcinomes neuroendocrins</subfield>
   </datafield>
   <datafield ind2=" " ind1=" " tag="520">
      <subfield code="a">Purpose&#xd;
We report phase I results for obrixtamig (BI 764532), a delta-like ligand 3 (DLL3)/CD3 IgG-like T-cell engager, in patients with previously treated DLL3-positive small cell lung cancer (SCLC), extrapulmonary neuroendocrine carcinomas (epNECs), or large cell neuroendocrine carcinoma of the lung (LCNEC-L).&#xd;
Methods&#xd;
Patients received escalating intravenous obrixtamig doses using four regimens: a fixed dose once every 3 weeks (A); a fixed dose once weekly (B1); a step-up dose once weekly for two weeks and target dose once weekly (B2); and a step-up dose once weekly for 3 weeks, target dose once weekly for 3 weeks, and once every 3 weeks thereafter (B3). The primary objective was maximum tolerated dose (MTD). Secondary objectives included safety, pharmacokinetics, and tumor response (RECIST v1.1).&#xd;
Results&#xd;
As of February 21, 2024, 168 patients received obrixtamig, 72% received ≥2 lines of previous anticancer therapy, and 51% received previous anti–PD-1/PD-L1 therapy. Seven dose-limiting toxicities occurred during MTD evaluation (Regimen A, n = 1; Regimen B2, n = 6). MTD was not reached. The most common treatment-related adverse event was cytokine release syndrome (any grade: 57%; grade ≥3: 3%); most cases occurred early and were reversible. Across all doses, regimens, and tumor types, the overall response rate (ORR) was 23% (95% CI, 17.4% to 30.2%), the median duration of response (DoR) was 8.5 months (95% CI, 6.2 to not reached), and the 6-month DoR rate was 70% (95% CI, 53% to 88%). All patients in Regimens B2/B3 received the minimum effective dose (≥90 μg/kg once weekly or once every 3 weeks), achieving an ORR of 28% (95% CI, 20.7% to 35.9%). With Regimens B2/B3, ORRs were 21% (95% CI, 12.9% to 33.1%), 27% (95% CI, 17.4% to 39.6%), and 70% (95% CI, 39.7% to 89.2%) for SCLC, epNECs, and LCNEC-L, respectively.&#xd;
Conclusion&#xd;
The demonstrated tolerability and efficacy of obrixtamig regimens, administered as step-up followed by target doses of 90-1,080 μg/kg (once weekly or once every 3 weeks), in patients with heavily pretreated DLL3-positive tumors support further exploration in SCLC, epNEC, and LCNEC-L.</subfield>
   </datafield>
   <datafield ind2=" " ind1=" " tag="520">
      <subfield code="a">Supported by Boehringer Ingelheim International GmbH.</subfield>
   </datafield>
   <datafield ind1="8" ind2=" " tag="024">
      <subfield code="a">http://hdl.handle.net/11351/13770</subfield>
   </datafield>
   <datafield tag="653" ind2=" " ind1=" ">
      <subfield code="a">Avaluació de resultats (Assistència sanitària)</subfield>
   </datafield>
   <datafield tag="653" ind2=" " ind1=" ">
      <subfield code="a">Posologia</subfield>
   </datafield>
   <datafield tag="653" ind2=" " ind1=" ">
      <subfield code="a">Pulmons - Càncer - Tractament</subfield>
   </datafield>
   <datafield tag="653" ind2=" " ind1=" ">
      <subfield code="a">Immunoglobulines - Ús terapèutic</subfield>
   </datafield>
   <datafield tag="653" ind2=" " ind1=" ">
      <subfield code="a">ANALYTICAL, DIAGNOSTIC AND THERAPEUTIC TECHNIQUES, AND EQUIPMENT::Diagnosis::Prognosis::Treatment Outcome</subfield>
   </datafield>
   <datafield tag="653" ind2=" " ind1=" ">
      <subfield code="a">DISEASES::Neoplasms::Neoplasms by Site::Thoracic Neoplasms::Respiratory Tract Neoplasms::Lung Neoplasms::Bronchial Neoplasms::Carcinoma, Bronchogenic::Small Cell Lung Carcinoma</subfield>
   </datafield>
   <datafield tag="653" ind2=" " ind1=" ">
      <subfield code="a">Other subheadings::Other subheadings::Other subheadings::/drug therapy</subfield>
   </datafield>
   <datafield tag="653" ind2=" " ind1=" ">
      <subfield code="a">DISEASES::Neoplasms::Neoplasms by Histologic Type::Neoplasms, Germ Cell and Embryonal::Neuroectodermal Tumors::Neuroendocrine Tumors::Carcinoma, Neuroendocrine</subfield>
   </datafield>
   <datafield tag="653" ind2=" " ind1=" ">
      <subfield code="a">CHEMICALS AND DRUGS::Amino Acids, Peptides, and Proteins::Proteins::Blood Proteins::Immunoproteins::Immunoglobulins::Antibodies::Antibodies, Bispecific</subfield>
   </datafield>
   <datafield tag="653" ind2=" " ind1=" ">
      <subfield code="a">Other subheadings::Other subheadings::Other subheadings::/administration &amp; dosage</subfield>
   </datafield>
   <datafield tag="653" ind2=" " ind1=" ">
      <subfield code="a">TÉCNICAS Y EQUIPOS ANALÍTICOS, DIAGNÓSTICOS Y TERAPÉUTICOS::diagnóstico::pronóstico::resultado del tratamiento</subfield>
   </datafield>
   <datafield tag="653" ind2=" " ind1=" ">
      <subfield code="a">ENFERMEDADES::neoplasias::neoplasias por localización::neoplasias torácicas::neoplasias del tracto respiratorio::neoplasias pulmonares::neoplasias de los bronquios::carcinoma broncogénico::carcinoma pulmonar de células pequeñas</subfield>
   </datafield>
   <datafield tag="653" ind2=" " ind1=" ">
      <subfield code="a">Otros calificadores::Otros calificadores::Otros calificadores::/farmacoterapia</subfield>
   </datafield>
   <datafield tag="653" ind2=" " ind1=" ">
      <subfield code="a">ENFERMEDADES::neoplasias::neoplasias por tipo histológico::neoplasias de células germinales y embrionarias::tumores neuroectodérmicos::tumores neuroendocrinos::carcinoma neuroendocrino</subfield>
   </datafield>
   <datafield tag="653" ind2=" " ind1=" ">
      <subfield code="a">COMPUESTOS QUÍMICOS Y DROGAS::aminoácidos, péptidos y proteínas::proteínas::proteínas sanguíneas::inmunoproteínas::inmunoglobulinas::anticuerpos::anticuerpos biespecíficos</subfield>
   </datafield>
   <datafield tag="653" ind2=" " ind1=" ">
      <subfield code="a">Otros calificadores::Otros calificadores::Otros calificadores::/administración &amp; dosificación</subfield>
   </datafield>
   <datafield ind2="0" ind1="0" tag="245">
      <subfield code="a">Phase I Dose-Escalation Results for the Delta-Like Ligand 3/CD3 IgG-Like T-Cell Engager Obrixtamig (BI 764532) in Patients With Delta-Like Ligand 3+ Small Cell Lung Cancer or Neuroendocrine Carcinomas</subfield>
   </datafield>
</record></metadata></record></GetRecord></OAI-PMH>